000 00398nam a22001697a 4500
005 20160627111850.0
008 160627b xxu||||| |||| 00| 0 eng d
020 _a978-1-84315-4
041 _aeng
082 _b10431
100 _aBlyton, Enid
_92893
245 _aThe Ring O' Bell Mystery
260 _bAvord Publication ltd
_c2007
300 _a276
650 _aManagement
_9241
942 _cBK
999 _c4190
_d4189